Innovación y docencia : (Record no. 13445)

MARC details
000 -LEADER
campo de control de longitud fija 01640nam a22003497i 4500
003 - IDENTIFICADOR DE NÚMERO DE CONTROL
campo de control Do-SdINT
005 - FECHA Y HORA DE LA ÚLTIMA TRANSACCIÓN
campo de control 20250520122345.0
008 - DATOS DE LONGITUD FIJA--INFORMACIÓN GENERAL
campo de control de longitud fija 040225s2024 sp s |||| 0|spa d
020 ## - NÚMERO INTERNACIONAL ESTÁNDAR DEL LIBRO
Número Internacional Estándar del Libro 978-84-10054-31-8
040 ## - FUENTE DE CATALOGACIÓN
Centro catalogador/agencia de origen DO-SdINT
Normas de descripción rda
Lengua de catalogación spa
Centro/agencia transcriptor DO-SdINT
072 ## - CÓDIGO DE CATEGORÍA DE MATERIA
Código de categoría de materia CSH
245 10 - MENCIÓN DEL TÍTULO
Título Innovación y docencia :
Resto del título evidencia de buenas prácticas /
Mención de responsabilidad, etc. María José Martínez Segura, Antonia Cascales Martínez, Francisca José Serrano Pastor (coords.)
250 ## - MENCION DE EDICION
Mención de edición Primera edición.
264 ## - PRODUCCIÓN, PUBLICACIÓN, DISTRIBUCIÓN, FABRICACIÓN Y COPYRIGHT
Producción, publicación, distribución, fabricación y copyright Barcelona, España :
Nombre del de productor, editor, distribuidor, fabricante Octaedro,
Fecha de producción, publicación, distribución, fabricación o copyright 2024
300 ## - DESCRIPCIÓN FÍSICA
Extensión 1 recurso en línea (178 páginas)
336 ## - TIPO DE CONTENIDO
Término de tipo de contenido texto
Código de tipo de contenido txt
Fuente rdacontent
337 ## - TIPO DE MEDIO
Nombre/término del tipo de medio computadora
Código del tipo de medio c
Fuente rdamedia
338 ## - TIPO DE SOPORTE
Nombre/término del tipo de soporte recurso en línea
Código del tipo de soporte c
Fuente rdacarrier
347 ## - CARACTERÍSTICAS DEL ARCHIVO DIGITAL
Tipo de archivo archivo de texto
Formato de codificación PDF
Fuente rda
490 ## - MENCIÓN DE SERIE
Mención de serie Horizontes Universidad ;
505 ## - NOTA DE CONTENIDO CON FORMATO
Nota de contenido con formato Prólogo 7 -- Formación permanente del profesorado 11 -- Innovación en educación infantil 27 -- Innovación en educación primaria 81 -- Innovación en educación superior 107 -- Innovación en educación no formal 163
506 0# - NOTA DE RESTRICCIONES AL ACCESO
Limitaciones de acceso Open Access
650 #7 - PUNTO DE ACCESO ADICIONAL DE MATERIA--TÉRMINO DE MATERIA
Término de materia o nombre geográfico como elemento de entrada Innovaciones educativas
Fuente del encabezamiento o término ARMARC
9 (RLIN) 34243
650 #7 - PUNTO DE ACCESO ADICIONAL DE MATERIA--TÉRMINO DE MATERIA
Término de materia o nombre geográfico como elemento de entrada Educación primaria
Fuente del encabezamiento o término ARMARC
9 (RLIN) 32221
650 #7 - PUNTO DE ACCESO ADICIONAL DE MATERIA--TÉRMINO DE MATERIA
Término de materia o nombre geográfico como elemento de entrada Educación superior
Fuente del encabezamiento o término ARMARC
9 (RLIN) 32230
650 #7 - PUNTO DE ACCESO ADICIONAL DE MATERIA--TÉRMINO DE MATERIA
Término de materia o nombre geográfico como elemento de entrada Educación no formal
Fuente del encabezamiento o término ARMARC
9 (RLIN) 32213
700 ## - ENTRADA AGREGADA--NOMBRE PERSONAL
Nombre de persona Martínez Segura, María José
Relación coord.
9 (RLIN) 109448
Término indicativo de función/relación coordinador
700 ## - ENTRADA AGREGADA--NOMBRE PERSONAL
Nombre de persona Cascales Martínez, Antonia
Relación coord.
9 (RLIN) 109449
Término indicativo de función/relación coordinador
700 ## - ENTRADA AGREGADA--NOMBRE PERSONAL
Nombre de persona Serrano Pastor, José
Relación coord.
9 (RLIN) 109450
Término indicativo de función/relación coordinador
856 ## - LOCALIZACIÓN Y ACCESO ELECTRÓNICOS
Texto de enlace Acceso a Texto Completo
Identificador Uniforme de Recurso <a href="https://opacbiblioteca.intec.edu.do/opac-tmpl/files/recursoselectronicos/9788410054318.pdf">https://opacbiblioteca.intec.edu.do/opac-tmpl/files/recursoselectronicos/9788410054318.pdf</a>
942 ## - ELEMENTOS DE ENTRADA SECUNDARIOS (KOHA)
Tipo de ítem Koha
Fuente de la clasificación o esquema de estantería Clasificación Decimal Dewey
Holdings
Estatus retirado Estado de pérdida Fuente de la clasificación o esquema de estantería Estado de daño No para préstamo Biblioteca de origen Biblioteca actual Fecha de adquisición Total de préstamos Visto por última vez Identificador uniforme de recursos Precio de reemplazo Tipo de ítem Koha
    Clasificación Decimal Dewey     Biblioteca IDEICE Biblioteca IDEICE 20/05/2025   20/05/2025 https://opacbiblioteca.intec.edu.do/opac-tmpl/files/recursoselectronicos/9788410054318.pdf 20/05/2025 Libros

© 2024. Todos los Derechos Reservados. Desarrollado por IDEICE